00436cam a2200169ua 45000010006000000050017000060080039000230200018000620400009000800820011000891000025001002450043001252500012001682600048001803000010002286530028002381080520260515114649.0190405n ii |||gr||||Z||||||eng a9788131102251 cMAIN a327.54 aP B Rathod,eAuthor. aForeign policy of indiacBy P B Rathod a1st ed. aNew Delhi:bCommonwealth publishers,c2017. a208p. aInternational relations